Top 10 Smallest Countries by Squared Kilometers of Land - Statistics

General Stats
  • This quiz has been taken 23 times
  • The average score is 9 of 10
Answer Stats
% Correct
Liechtenstein
100%
Monaco
100%
San Marino
100%
Vatican City
100%
Nauru
95%
Malta
86%
Marshall Islands
81%
Saint Kitts and Nevis
81%
Tuvalu
81%
Maldives
67%
No matching quizzes found
Score Distribution
Percent of People with Each Score
Percentile by Number Answered
Your Score History
You have not taken this quiz